Dirigeants autoritaires dans le monde - Statistiques

Statistiques générales
  • Ce quiz a été pris 136 fois
  • Le résultat moyen est 9 sur 16
Answers on the Grid
Answers color-coded by a green-red scale on the quiz's grid according to % correct below.
Adolf Hitler
Olaf Scholz
Gamal Abdel Nasser
Charles de Gaulle
Willy Brandt
Alfredo Stroessner
Jorge Rafael Videla
Olof Palme
Hafez el-Assad
Leon Blum
Margaret Thatcher
Ho Chi Minh
Konrad Adenauer
Ion Antonescu
Harry Truman
Josip Broz Tito
Alexander Hamilton
António de Oliveira Salazar
Nicolae Ceaușescu
Shigeru Yoshida
Joseph Staline
Jimmy Carter
Fidel Castro
Gough Whitlam
Bill Clinton
Fulgencio Batista
Juan Domingo Perón
Francisco Franco
Hideki Tōjō
Nelson Mandela
 
Statistiques - réponses
Réponse % Correct
Adolf Hitler
100%
Joseph Staline
73%
Fidel Castro
67%
Francisco Franco
66%
Ho Chi Minh
61%
Hafez el-Assad
60%
António de Oliveira Salazar
58%
Gamal Abdel Nasser
58%
Josip Broz Tito
53%
Nicolae Ceaușescu
53%
Fulgencio Batista
50%
Jorge Rafael Videla
39%
Juan Domingo Perón
39%
Hideki Tōjō
33%
Ion Antonescu
31%
Alfredo Stroessner
20%
Aucun quiz correspondant
Distribution des résultats
% des personnes avec chaque résultat
Percentile par nombre de réponses
Votre historique - résultats
Vous n’avez pas pris ce quiz